000 00326pab a2200121 454500
008 180718b xxu||||| |||| 00| 0 eng d
100 _aChakravartty, Nikhil
245 _aNational integration - Need is a movement
650 _a National Integration Council
650 _aNationalism
773 _aHindustan Times
909 _a22716
999 _c22716
_d22716